Giáo trình mã hóa thông tin : Lý thuyết và ứng dụng
Tầm quan trọng lý thuyết số và đại số hiện đại trong các phương pháp mã hóa thông tin. Cơ sở toán học cho mã hóa thông tin. Phát triển các lý thuyết để xây dựng các phép toán nhanh trên số nguyên lớn và để khảo sát các bài toán quan trọng t...
Shranjeno v:
| Glavni avtor: | |
|---|---|
| Format: | Knjiga |
| Jezik: | Undetermined |
| Izdano: |
Hà Nội
Lao động xã hội
2006
|
| Teme: | |
| Oznake: |
Označite
Brez oznak, prvi označite!
|
| Thư viện lưu trữ: | Trung tâm Học liệu Trường Đại học Cần Thơ |
|---|
| LEADER | 01393nam a2200229Ia 4500 | ||
|---|---|---|---|
| 001 | CTU_74132 | ||
| 008 | 210402s9999 xx 000 0 und d | ||
| 020 | |b 18000 | ||
| 020 | |c 18000 | ||
| 082 | |a 005.8 | ||
| 082 | |b Kh107 | ||
| 100 | |a Bùi, Doãn Khanh | ||
| 245 | 0 | |a Giáo trình mã hóa thông tin : | |
| 245 | 0 | |b Lý thuyết và ứng dụng | |
| 245 | 0 | |c Bùi Doãn Khanh, Nguyễn Đình Thúc, Hoàng Đức Hải | |
| 260 | |a Hà Nội | ||
| 260 | |b Lao động xã hội | ||
| 260 | |c 2006 | ||
| 520 | |a Tầm quan trọng lý thuyết số và đại số hiện đại trong các phương pháp mã hóa thông tin. Cơ sở toán học cho mã hóa thông tin. Phát triển các lý thuyết để xây dựng các phép toán nhanh trên số nguyên lớn và để khảo sát các bài toán quan trọng trong lý thuyết số như: kiểm tra, tạo số nguyên tố lớn. Sử dụng kết quả lý thuyết để khảo sát một số hệ mã hiện đại cũng như để ứng dụng mã hóa thông tin trong thương mại điện tử, trong an toàn điện tử, an toàn dữ liệu. | ||
| 650 | |a Data security | ||
| 904 | |i Mai Loan, QHieu | ||
| 980 | |a Trung tâm Học liệu Trường Đại học Cần Thơ | ||